000 00492cam a2200169 a 4500
020 _a0889363358 (pbk.)
040 _cDLC
082 0 0 _a338 PHI 1982 C155 Or.
100 1 _aBanta, Gordon R.
245 1 0 _aAsian cropping systems research :
_bmicroeconomic evaluation procedures /
260 _aOttawa :
_bInternational Development Research Centre,
_cc1982.
300 _a56 p. :
_bill. ;
_c25 cm.
490 1 _aIDRC ;
650 0 _aAgriculture
650 0 _aCropping systems
942 _cAEDBB
999 _c19254
_d19254